Catálogo
 En Linea

El regreso de Quetzalcoatl : (Registro nro. 5713)

Detalles MARC
000 -CABECERA
campo de control de longitud fija 00921cam a2200205 a 4500
001 - NÚMERO DE CONTROL
campo de control 000005917
005 - FECHA Y HORA DE LA ÚLTIMA TRANSACCIÓN
campo de control 20200929151835.0
008 - DATOS DE LONGITUD FIJA--INFORMACIÓN GENERAL
campo de control de longitud fija 931021s1990 sp b 000 0 spa d
020 ## - NÚMERO INTERNACIONAL ESTÁNDAR DEL LIBRO
Número Internacional Estándar del Libro 8472325644 (pbk.)
040 ## - FUENTE DE LA CATALOGACIÓN
Centro catalogador/agencia de origen DO-SdBNP
Centro/agencia transcriptor NSbSU
Centro/agencia modificador DLC
082 ## - NÚMERO DE LA CLASIFICACIÓN DECIMAL DEWEY
Número de clasificación 972.02
Número de documento/Ítem C987r
100 1# - ENTRADA PRINCIPAL--NOMBRE DE PERSONA
Nombre de persona Custudio, Alvaro.
9 (RLIN) 16694
245 13 - MENCIÓN DE TÍTULO
Título El regreso de Quetzalcoatl :
Resto del título la epopeya azteca /
Mención de responsabilidad, etc. Alvaro Custodio.
260 ## - PUBLICACIÓN, DISTRIBUCIÓN, ETC.
Lugar de publicación, distribución, etc. Madrid :
Nombre del editor, distribuidor, etc. Ediciones de Cultura Hispanica, Instituto de Cooperacion Iberoamericana,
Fecha de publicación, distribución, etc. 1990.
300 ## - DESCRIPCIÓN FÍSICA
Extensión 128 p. ;
Dimensiones 20 cm.
500 ## - NOTA GENERAL
Nota general "Documento epico-dramatico representado al aire libre en las piramides de Teopanzolco y Teotihacan. Con un estudio previo sobre el Pueblo del Sol y la conquista de Mexico por Hernan Cortes."
504 ## - NOTA DE BIBLIOGRAFÍA, ETC.
Nota de bibliografía, etc. Includes bibliographical references (p. 123-128).
651 #4 - PUNTO DE ACCESO ADICIONAL DE MATERIA--NOMBRE GEOGRÁFICO
Nombre geográfico México
Subdivisión general Historia
-- Descubrimiento Y Conquista,
Subdivisión cronológica 1517-1521
9 (RLIN) 16695
910 ## - DATOS DE OPCIÓN DEL USUARIO (OCLC)
Datos de opción del usuario Catalogación por copia / LC
Existencias
Estado de retiro Estado de pérdida Restricciones de uso No para préstamo Código de colección Localización permanente Ubicación/localización actual Ubicación en estantería Fecha de adquisición Número de inventario Total de préstamos Signatura topográfica completa Código de barras Fecha visto por última vez Precio válido a partir de Tipo de ítem Koha
    Préstamo interno   Monografías: Libros y Folletos General General En catalogación 24.08.2009 LF1   972.02 C987r 5917-10 25.06.2020 25.06.2020 Préstamo interno

Con tecnología Koha